|
|
|
|
| LEADER |
00000nam0a2200000 4500 |
| 001 |
270874 |
| 005 |
20231101234402.0 |
| 010 |
|
|
|b 4000 экз.
|
| 035 |
|
|
|a (RuTPU)RU\TPU\book\294055
|
| 090 |
|
|
|a 270874
|
| 100 |
|
|
|a 20141002d1934 m y0rusy50 ca
|
| 101 |
1 |
|
|a rus
|
| 102 |
|
|
|a RU
|
| 105 |
|
|
|a a z 001zy
|
| 200 |
1 |
|
|a Основы палеонтологии (палеозоология). Часть 1. Беспозвоночные
|f К. Циттель
|g переработано палеонтологами СССР под ред. проф. А. Н. Рябинина
|
| 210 |
|
|
|a Ленинград
|a Москва
|a Грозный
|a Новосибирск
|c ОНТИ НКТП
|c Государственное научно-техническое горно-геолого-нефтяное издательство
|d 1934
|
| 215 |
|
|
|a 1056 с.
|c с 2001 рис. в тексте
|
| 300 |
|
|
|a Включена в состав библиотеки М. А. Усова из фонда НТБ.
|
| 320 |
|
|
|a Библиогр.: с. 1024-1026
|
| 320 |
|
|
|a Указатель: с. 1027-1056.
|
| 464 |
|
|
|t Тип V. Vermes. Черви (401)
|f М. Э. Янишевский
|
| 610 |
1 |
|
|a палеозоология
|
| 610 |
1 |
|
|a одноклеточные
|
| 610 |
1 |
|
|a губки
|
| 610 |
1 |
|
|a кишечнополостные
|
| 610 |
1 |
|
|a иглокожие
|
| 610 |
1 |
|
|a черви
|
| 610 |
1 |
|
|a мшанки
|
| 610 |
1 |
|
|a мягкотелые
|
| 610 |
1 |
|
|a членистоногие
|
| 610 |
1 |
|
|a библиотека М. А. Усова
|
| 610 |
1 |
|
|a реконструкция библиотек
|
| 675 |
|
|
|a 562/569
|v 3
|
| 700 |
|
1 |
|a Циттель
|b К.
|g Карл
|
| 702 |
|
1 |
|a Рябинин
|b А. Н.
|c профессор палеонтологии Московской горной академии (1918-1922)
|c директор Геологического комитета (1919-1923)
|f 1874-1942
|g Анатолий Николаевич
|2 stltpush
|3 (RuTPU)RU\TPU\pers\23732
|4 340
|9 10413
|
| 801 |
|
1 |
|a RU
|b 63413507
|c 20141002
|
| 801 |
|
2 |
|a RU
|b 63413507
|c 20141002
|g RCR
|
| 942 |
|
|
|c BK
|